| 000 | 01000nam a22003137a 4500 | ||
|---|---|---|---|
| 003 | CHAP | ||
| 005 | 20220329134346.0 | ||
| 008 | 971013s1980 r 00010 d | ||
| 010 | _a19309 | ||
| 011 | _a20281 | ||
| 035 | _a24369 | ||
| 040 | _cCHAP | ||
| 082 |
_a591.03 _bD53 |
||
| 245 | _aDiccionario de zoología | ||
| 260 |
_aMéxico, D.F. : _bEd. Concepto, _c1980 |
||
| 300 | _a206 p. | ||
| 590 |
_aBATCH-UPD _b10 _c20130109 _lUCH01 _h2330 |
||
| 590 |
_aBATCH-UPD _b10 _c20130110 _lUCH01 _h2204 |
||
| 590 |
_aBATCH-UPD _b10 _c20130409 _lUCH01 _h1855 |
||
| 590 |
_aBATCH-UPD _b10 _c20130410 _lUCH01 _h1510 |
||
| 590 |
_aBATCH-UPD _b10 _c20130914 _lUCH01 _h1700 |
||
| 590 |
_aCONVERSION _b10 _c20130109 _lUCH01 _h1312 |
||
| 650 | 1 | 4 |
_aZoología _xDiccionarios. _9124166 |
| 700 | 0 |
_aGonzález Cortés, Ambrosio. _948809 |
|
| 901 | _aBK | ||
| 942 | _cLIBRO | ||
| 949 |
_a591.03 D53 _bBC _cLIBRO _d33724000829313 _eC _fc.2 _h62415 _i24369 _sb |
||
| 949 |
_a591.03 D53 _bBC _cLIBRO _d33724000940102 _eC _h62414 _i24369 _si |
||
| 999 |
_c19309 _d19309 |
||